000 00772nam a2200253Ia 4500
005 20220316235536.0
008 121119s2001 sp gr 000 f spa
020 _a8466304630
041 0 _aspa
100 1 _aCortázar, Julio
_d1914-1984
245 1 0 _aRayuela
_cJulio Cortázar
250 _aPrimera edición
300 _a711 páginas
_c18 cm
650 1 4 _aNovela argentina
_ySiglo XX
_2LEMB
650 1 4 _aVida cotidiana en la literatura
_ySiglo XX
_2LEMB
650 1 4 _aLiteratura argentina
_ySiglo XX
_2LEMB
942 _2loc
_cBKLIT
264 _aMadrid
_bPunto de Lectura
_c2001
336 _atexto
_btxt
_2rdacontent
337 _asin mediación
_bn
_2rdamedia
338 _avolumen
_bnc
_2rdacarrier
040 _aCO-BoRNBP
_bspa
_erda
_cCO-BoRNBP
084 _aN COR2
999 _c1290
_d1290